00655nam a22002057a 450000500170000001000130001702000220003003500130005203700160006504000120008108200170009310000170011024500890012726000610021627000490027730000250032650000610035165000140041265000230042620170124105933.0 aA-897049 c00.00a8175120118 aA-897049 bCen Lib/Ret aDPLbEN a338.516bBER aBerman, Fran aTrash to cash :cby Fran Berman bhow business can save money and increase profits / aNew Delhi c1996bGlobal Books and Subscription Sevices  bNew Delhi e1100008aI-22, West Patel Nagar  axii, 252p.c21cm(Hb) aIncludes bibliographical references, glossary and index  aBusiness  aInvestment policy